Jeden z dziesięciu 4 - Statystyki

Ogólne statystyki
  • Ten quiz został rozwiązany 30 razy
  • Średni wynik to 26 z 40
Statystyki odpowiedzi
Zagadnienie Odpowiedź % Poprawnych
Którą grę zespołową Amerykanie nazywają "soccer"? Piłkę nożną
100%
Przez które południowoamerykańskie państwo przebiega zarówno równik jak i Zwrotnik Koziorożca? Przez Brazylię
100%
Z ilu kolorów składa się flaga Ukrainy? Z dwóch
100%
Ile każdy z nas miał prababć? Cztery
88%
Jak nazywa się rozproszenie jakiegoś narodu pośród innych narodów? Diaspora
88%
Która figura płaska jest jednocześnie prostokątem, rombem, trapezem, równoległobokiem i czworokątem? Kwadrat
88%
Które afrykańskie państwo graniczy z Algierią, Saharą Zachodnią i Hiszpanią. Maroko
88%
Czy planetoidy są źródłem światła? Nie
88%
Który odłam Islamu dominuje w Iranie? Szyizm
88%
Czy włoscy mistrzowie epoki renesansu: Leonardo da Vinci i Michał Anioł, mieli okazję się spotkać? Tak
88%
Na którym kontynencie można spotkać kolczatki? W Australii
88%
Premierem którego państwa w latach 2016-2021 był Juri Ratas? Estonii
75%
Kto napisał tzw. "Trylogię Saską" składającą się z powieści "Hrabina Cosel" "Brühl" i "Siedmioletnia Wojna"? Józef Ignacy Kraszewski
75%
Która kobieta jako pierwsza pełniła funkcję sekretarza stanu USA? Madeleine Albright
75%
Na którym narządzie, u ssaków, występują kubki smakowe? Na języku
75%
Komu przypisuje się słowa "Każdy francuski żołnierz nosi w ładownicy buławę marszałka Francji"? Napoleonowi I Bonaparte
75%
Którą postać z mitologii greckiej dręczą wieczne męki głodu i pragnienia? Tantala
75%
Euros, Notos i Boreasz. Co takiego utożsamiali ci greccy bogowie? Wiatry
75%
Festiwal filmowy w którym mieście uchodzi za najstarszą tego typu imprezę na świecie? W Wenecji
75%
Co znaczy łacińska dewiza "Semper Invicta" umieszczona w herbie wielkim Warszawy? Zawsze niezwyciężona
75%
Jaki polski tytuł nosi najnowszy film z serii "Avengers"? Avengers: Koniec Gry
63%
Kształt planety jest tym bardziej zbliżony do kuli, im rotacja tej planety jest szybsza czy wolniejsza? Im wolniejsza
63%
Który wybitny kompozytor był kapelmistrzem na dworze książąt Esterhazych, w austriackim mieście Eisenstadt? Józef Haydn
63%
Na którym oceanie leży wyspa o nazwie "Ocean"? Na Oceanie Spokojnym
63%
Angielski termin "up-to-date" oznacza coś przestarzałego czy nowoczesnego? Nowoczesnego
63%
Płeć kobiet w numerze PESEL określa się cyfrą parzystą czy nieparzystą? Parzystą
63%
W którym mieście był koronowany król Bolesław zwany Śmiałym lub Szczodrym? W Gnieźnie
63%
Jaką nazwę nosił konflikt zbrojny pomiędzy Boliwią, Peru i Chile w drugiej połowie XIX wieku? Wojna o saletrę
63%
W której dyscyplinie sportowej, Janusz Kołodziej zdobył cztery tytuły indywidualnego mistrza Polski? W żużlu
63%
Jak nazywał się właściciel krakowskiej cukierni w której działał kabaret "Zielony Balonik"? Apolinary Michalik
50%
Jak potocznie nazywa się szkło ołowiowe? Szkło kryształowe
50%
Czy w Polsce, w okresie Dwudziestolecia Międzywojennego, była wprowadzona zmiana czasu z letniego na zimowy i odwrotnie? Tak
50%
Z którego kraju pochodził matematyk który stworzył wielkie i małe twierdzenie Fermata? Z Francji
50%
Czy fizyk Niels Bohr, laureat Nagrody Nobla w 1975 r. był spokrewniony z Nielsem Bohrem, fizykiem, który dostał Nagrodę Nobla w 1922 roku? Tak
38%
Reprezentacja Francji wygrała rozgrywki siatkarskiej Ligi Narodów w 2024 r. A które miejsce zajęła polska drużyna? Trzecie
38%
Do którego państwa nie należą Wyspy Fryzyjskie Belgia
25%
"Jeśliby" czy "jeśli by"? Jak poprawnie piszę się nazwę tego spójnika? Jeśliby
25%
Kto śpi na obrazie Sandra Botticellego "Wenus i Mars" Mars
25%
W którym państwie oficjalną walutą jest bitcoin? W Salwadorze
25%
Miłosierny Samarytanin to postać z przypowieści Jezusa, symbolizująca cnotę miłości bliźniego. W której ewangelii jest ta przypowieść? Wg. św. Łukasza
13%
Nie znaleziono quizów pasujących do podanych kryteriów
Rozkład punktacji
Procent ludzi z każdym wynikiem
Percentyl według liczby udzielonych odpowiedzi
Twoja historia wyników
Nie rozwiązałeś tego quizu